00642nam a2200205 i 450000100060000000300090000600500170001500700030003200800410003510000200007624501240009626000350022030000350025565000250029070000230031570000220033870000200036070000340038085200220041471820ES-MaACL20230906171235.0t|040819s1971 sp ||||1| spa d1 aGibbon, John H.10aCirugía torácica / cJohn H. Gibbon, David C. Sabiston, Frank C. Spencer ; [versión, A. Alix Trueba y N.G. Vega]. aBarcelona : bSalvat, c[1971] aXX, 1015 p. : bil. ; c26 cm. 4aTórax-xCirugía.1 aSabiston, David C.1 aSpencer, Frank C.1 aAlix Trueba, A.1 aGonzález de Vega, Norberto. aES-MaACLjC-37291